000 00554nam a2200229Ia 4500
003 OSt
005 20220918213142.0
006 a|||||r|||| 00| 0
007 ta
008 220917b |||||||| |||| 00| 0 eng d
024 _a131,561
037 _cTextual
040 _aARTS
_cARTS
_beng
041 _2eng
_aeng
082 _aX:9, K1
100 _aTripp L R
_9125866
245 0 _aLabor problems and processes
_b A survey
260 _c1961
650 _aECONOMICS
942 _hX:9, K1
_cTEXL
_2CC
999 _c254684
_d254684